#1 MLB Prospect Every Year In 2000's - Statistics

General Stats
  • This quiz has been taken 10 times
  • The average score is 9 of 26
Answer Stats
Hint Answer % Correct
2022 (Royals SS) Bobby Witt Jr
80%
2023 (Orioles SS) Gunnar Henderson
80%
2018 (Angles TWP) Shohei Ohtani
70%
2010 (Nationals OF) Bryce Harper
60%
2016 (Dodgers SS) Corey Seager
60%
2004 (Twins C) Joe Mauer
60%
2006 (Tigers SP) Justin Verlander
60%
2011 (Angels OF) Mike Trout
60%
2019 (Blue Jays 3B) Vladimir Guerrero Jr
60%
2015 (Twins OF) Byron Buxton
50%
2001 (Rays OF) Josh Hamilton
40%
2025 (Pirates SS) Konnor Griffin
40%
2017 (White Sox OF) Andrew Benintendi
30%
2020 (Dodgers SS) Gavin Lux
30%
2009 (Nationals SP) Stephan Strasburg
30%
2024 (Orioles 2B) Jackson Holiday
20%
2014 (Red Sox SS) Xander Bogaerts
20%
2007 (Rays OF) Delmon Young
10%
2005 (Diamondbacks OF) Justin Upton
10%
2003 (Rangers 1B) Mark Teixeira
10%
2021 (Rays SS) Wander Franco (Yikes)
10%
2002 (Marlins SP) Josh Beckett
0%
2013 (Rangers SS) Jurickson Profar
0%
2012 (Rays SP) Matt Moore
0%
2000 (Cardinals SP) Rick Ankiel
0%
2008 (Rays SS) Tim Beckham
0%
No matching quizzes found
Score Distribution
Percent of People with Each Score
Percentile by Number Answered
Your Score History
You have not taken this quiz